Papa Louie - wszyscy klienci - Statystyki

Ogólne statystyki
  • Ten quiz został rozwiązany 24 razy
  • Średni wynik to 57 z 145
Statystyki odpowiedzi
Odpowiedź % Poprawnych
Papa Louie
86%
Akari
79%
Prudence
79%
Big Pauly
71%
Ninjoy
71%
Roy
71%
Utah
71%
Xandra
71%
Xolo
71%
Alberto
64%
Allan
64%
Bruna Romano
64%
Chuck
64%
Mandi
64%
Marty
64%
Peggy
64%
Penny
64%
Rita
64%
Scarlett
64%
Taylor
64%
Timm
64%
Johnny
57%
Maggie
57%
Matt
57%
Mindy
57%
Olga
57%
Quinn
57%
Radlynn
57%
Willow
57%
Zoe
57%
Captain Cori
50%
Carlo Romano
50%
Clover
50%
Georgito
50%
Gino Romano
50%
Greg
50%
Gremmie
50%
Hank
50%
James
50%
Jojo
50%
Kingsley
50%
Mitch
50%
Rico
50%
Rudy
50%
Sarge Fan
50%
Tony
50%
Wendy
50%
Yippy
50%
Bertha
43%
Boomer
43%
Cooper
43%
Crystal
43%
Doan
43%
Foodini
43%
Franco
43%
Ivy
43%
Kahuna
43%
Kayla
43%
Nevada
43%
Nick
43%
Robby
43%
Scooter
43%
Vicky
43%
Wally
43%
Yui
43%
Boopsy & Bill
36%
Cherissa
36%
Edna
36%
Fernanda
36%
Hope
36%
Hugo
36%
Janana
36%
LePete
36%
Lisa
36%
Little Edoardo
36%
Mayor Mallow
36%
Mousse
36%
Mr. Bombolony
36%
Nye
36%
Olivia
36%
Pally
36%
Rollie
36%
Steven
36%
Tohru
36%
Whippa
36%
Wylan B
36%
Yuko
36%
Austin
29%
Budwin
29%
Cameo
29%
Cecilia
29%
C.J. Friskins
29%
Cletus
29%
Connor
29%
Deano
29%
Didar
29%
Elle
29%
Ember
29%
Emmlette
29%
Hacky Zack
29%
Iggy
29%
Koilee
29%
Moe
29%
Okalani
29%
Perri
29%
Pinch Hitwell
29%
Professor Fitz
29%
Ripley
29%
Santa
29%
Sienna
29%
Skip
29%
Whiff
29%
Amy
21%
Chase
21%
Chester
21%
Duke Gotcha
21%
Evelyn
21%
Indigo
21%
Isadora
21%
Julep
21%
Kaleb
21%
Kasey O
21%
Kenji
21%
Kenton
21%
Liezel
21%
Mary
21%
Mesa
21%
Petrona
21%
Rhonda
21%
Sasha
21%
Simone
21%
Skyler
21%
Sue
21%
Treble
21%
Trishna
21%
Vincent
21%
Amiria
14%
Brody
14%
Clair
14%
Daniela
14%
Drakson
14%
Llyod
14%
Makaila
14%
Shannon
14%
Sprinks the Clown
14%
Nie znaleziono quizów pasujących do podanych kryteriów
Rozkład punktacji
Procent ludzi z każdym wynikiem
Percentyl według liczby udzielonych odpowiedzi
Twoja historia wyników
Nie rozwiązałeś tego quizu